[...] Jesaias ss. Trinitatis Praeco

Bibliographic Details
Main Author: Habichhorst, Andreas Daniel, 1634-1704 (Author)
Corporate Author: Weppling, Johann (Rostock, Nemecko) (Printer)
Other Authors: Goeritz, Christoph Konrad, 1677-1752 (Dissertant)
Format: Book
Language:German
Latin
PhysicalDescription:[3], 52 strán 19 cm
Published: Rostoch Typis Joh. Wepplongii, Univ. Typogr. A. MDCCI [=1701]
Subjects:

MARC

LEADER 00000nam a2200000 a 4500
001 vtls011744811
003 SK-MaSNL
005 20260301222723.0
008 251112s1701 gw 000 0 ger
015 |a SNBHFA1701 
040 |a SNKHF  |b slo  |c SNK  |e AACR2 
041 0 |a lat 
044 |a gw  |c DE 
072 7 |a 2  |x Náboženstvo  |2 konspekt 
072 7 |a 27  |x Kresťanstvo. Kresťanská cirkev všeobecne. Ekleziológia  |2 konspekt 
080 |a 21/29-1/-9  |2 2011 
080 |a 27  |2 2011 
080 |a 2-1  |2 2011 
080 |a 274/278  |2 2011 
080 |a 378.245  |2 2001 
100 1 |a Habichhorst, Andreas Daniel,  |d 1634-1704  |4 aut  |9 505813 
245 1 0 |a [...] Jesaias ss. Trinitatis Praeco  |c Dn. Andr. Daniele Habischhorstio. ; M Christophor. Conradus Georezius. 
260 |a Rostoch  |b Typis Joh. Wepplongii, Univ. Typogr.  |c A. MDCCI [=1701] 
300 |a [3], 52 strán  |c 19 cm 
500 |a Iniciálky na 4-10 r. s pozadím 
501 |a Príväzok 9. k: HEBENSTREIT, Johann Paul. Dissertatio Theologica De Avgvstanae Confessionis Avctoritate. Jenae : Literis Christophori Krebsii, M DCCVI [=1706].  |5 SNK ID 100153 
508 |a Dedikácia: Reverendisimi atq Potentissimi Prin. Cipis Ac Domini, Dn. Friderici regis in Prusia, Marchionis Brandenb. [...] ; Dn. Ottoni Wilhelmo Verbamo Supremo Regionis Magistro, Hereditario [...] ; Dn. Christoph. Alexandro Rauschke Supremo Burggrabio ac Tribunalis Praesidi [...] Dn. Georg. Friderico Frentzer / Supremo Cancellario [...] ; Dn. Christoph Wallenrodt / Supremo Marschallo [...] 
546 |a Latinčina  |b Antikva  |b Kurzíva 
561 |a Z knižnice Učenej spoločnosti malohontskej.  |5 SNK ID 100153/prív.9 
563 |a Chýba väzba na chrbte knihy.  |5 SNK ID 100153/prív.9 
650 0 7 |a teológia  |2 SNKPH  |9 1814 
650 0 7 |a protestanské cirkvi  |2 SNKPH  |9 67715 
650 0 7 |a dizertácie  |2 SNKPH  |9 4040 
700 1 |a Goeritz, Christoph Konrad,  |d 1677-1752  |4 dis  |9 612736 
700 0 |a Friedrich  |b I.,  |c pruský kráľ,  |d 1657-1713  |4 hnr  |9 612737 
700 1 |a Verbamo, Otto Wilhelm  |4 hnr  |9 612738 
700 1 |a Rauschke, Christoph Alexander von  |4 hnr  |9 612739 
700 1 |a Frentzel, Georg Friedrich  |4 hnr  |9 612740 
700 1 |a Wallenrodt, Johann Christoph von,  |d 1687-1727  |4 hnr  |9 612741 
710 2 |a Učená spoločnosť malohontská  |4 fmo  |9 205374 
710 0 |a Weppling, Johann (Rostock, Nemecko)  |4 prt  |9 494896 
752 |a Nemecko  |d Rostock 
852 |a snk  |b Historické fondy  |p ID 100153/prív.9 
958 |a ONDV 
999 |c 940813  |d 942743 
952 |t MHC II.B.e.IX  |a SNK  |b SNK  |c SNK_HF  |y PREZ  |7 0  |p 17A1299771  |o snkID 100153/prív.9  |i snk2018/5339  |8 5  |0 0  |1 0  |4 0  |d 2018-03-06  |f 2  |l 0  |r 2026-02-24 09:17:37  |w 2026-02-24